Kalkulace nákladů a cenová politika v tržní ekonomice

Gespeichert in:
Bibliographische Detailangaben
1. Verfasser: Swoboda, Petr
Weitere Verfasser: Balažovičová, Kateřina
Format: Buch
Sprache:Tschechisch
Veröffentlicht: Praha Linde 1992
Ausgabe:1. vyd.
Schlagworte:
Tags: Tag hinzufügen
Keine Tags, Fügen Sie das erste Tag hinzu!

MARC

LEADER 00000nam a2200000 4500
001 c004942
005 20221214085814.2
020 |a 80-901210-1-2 
041 0 |a cze 
044 |a CZ 
245 1 0 |a Kalkulace nákladů a cenová politika v tržní ekonomice  |c Petr Swoboda ; Prekl. Kateřina Balažovičová 
250 |a 1. vyd. 
264 1 |a Praha  |b Linde  |c 1992 
300 |a 95 s. 
610 2 0 |a kalkulácia nákladov 
610 2 0 |a náklady 
610 2 0 |a politika cenová 
610 2 0 |a hospodárstvo trhové 
610 2 0 |a strediská nákladové 
610 2 0 |a prirážky cenové 
610 2 0 |a náklady fixné 
610 2 0 |a podnik 
610 2 0 |a podnik obchodný 
610 2 0 |a náklady jednotkové 
610 2 0 |a náklady režijné 
610 2 0 |a plánovanie 
100 1 |a Swoboda, Petr 
700 1 |a Balažovičová, Kateřina